HUMAN RESOURCE MANAGEMENT (Record no. 65569)
[ view plain ]
| 000 -LEADER | |
|---|---|
| fixed length control field | 00395nam a22001577a 4500 |
| 003 - CONTROL NUMBER IDENTIFIER | |
| control field | OSt |
| 005 - DATE AND TIME OF LATEST TRANSACTION | |
| control field | 20250510103457.0 |
| 008 - FIXED-LENGTH DATA ELEMENTS--GENERAL INFORMATION | |
| fixed length control field | 250510b |||||||| |||| 00| 0 eng d |
| 020 ## - INTERNATIONAL STANDARD BOOK NUMBER | |
| International Standard Book Number | 9789355967565 |
| 040 ## - CATALOGING SOURCE | |
| Transcribing agency | IIMT ENGINEERING COLLEGE |
| 100 ## - MAIN ENTRY--PERSONAL NAME | |
| Personal name | MAMORIA C.B.DR. |
| 245 ## - TITLE STATEMENT | |
| Title | HUMAN RESOURCE MANAGEMENT |
| 260 ## - PUBLICATION, DISTRIBUTION, ETC. | |
| Place of publication, distribution, etc. | NEW DELHI-SAVERA |
| Name of publisher, distributor, etc. | HIMALAYA |
| Date of publication, distribution, etc. | 3-5-2025 |
| 300 ## - PHYSICAL DESCRIPTION | |
| Extent | 671 |
| 942 ## - ADDED ENTRY ELEMENTS (KOHA) | |
| Source of classification or shelving scheme | |
| Koha item type | Text-Book- for 7 days |
| Withdrawn status | Lost status | Source of classification or shelving scheme | Damaged status | Not for loan | Home library | Current library | Date acquired | Cost, normal purchase price | Inventory number | Total Checkouts | Barcode | Date last seen | Date last checked out | Copy number | Price effective from | Koha item type |
|---|---|---|---|---|---|---|---|---|---|---|---|---|---|---|---|---|
| IIMT Engineering College-MBA | IIMT Engineering College-MBA | 05/09/2025 | 998.00 | CRB/43 | 1 | 13-B-6990 | 05/10/2025 | 05/10/2025 | 2 | 05/10/2025 | Text-Book- for 7 days | |||||
| IIMT Engineering College-MBA | IIMT Engineering College-MBA | 05/09/2025 | 998.00 | CRB/43 | 13-B-6991 | 05/10/2025 | 3 | 05/10/2025 | Text-Book- for 7 days |

